Poznatky z prvého Európskeho fóra vidieckej turistiky

Bibliographic Details
Main Author: Mach, František (Author)
Format: Article
Language:Slovak
ISSN:0323-2670
Subjects:

MARC

LEADER 00000nab a2200000 a 4500
001 vtls000500179
003 SK-MaSNL
005 20260304100542.0
008 250425c1993 xo 0 slo
015 |a SNBRB19rr/mm-uuuuu 
035 |a CL0500317 
035 |a urn:nbn:sk:snk-ab2s6f 
035 |a (urnnbn)urn:nbn:sk:snk:ar-a02v34 
035 |a (uuid)600e3f40-fba7-420d-823c-b227511b8935 
040 |a SNKBUCL  |b slo  |c SNKBUCL  |e AACR2 
041 0 |a slo 
044 |a xo  |c SK 
080 |a 631:338.486(4):061.3  |2 1981 
080 |a 338.486:631  |2 1981 
100 1 |a Mach, František  |4 aut  |9 316542 
245 1 0 |a Poznatky z prvého Európskeho fóra vidieckej turistiky  |c František Mach 
650 0 7 |a agroturistika  |2 snkbucl  |9 682 
651 7 |a Európa  |2 snkbucl  |9 167569 
655 7 |a články z novín a časopisov  |2 snkbucl  |9 267496 
773 0 |t Agroekonomika  |g Roč. 2, č. 10 (1993), s. 460-462  |x 0323-2670 
850 |a Slovenská národná knižnica 
852 |a Slovenská národná knižnica 
954 |a odborná, vedecká literatúra pôvodná (slovenská)  |2 lita 
958 |a article27 
958 |a OND 
958 |a RK 
958 |a EUIPO 
992 |a RBX 
999 |c 2838463  |d 2840393